Bytový dom

Gespeichert in:
Bibliographische Detailangaben
1. Verfasser: Bergendiová, Lucia (Verfasst von)
Weitere Verfasser: Šmotlák, Marcel (Betreuung Doktorarbeit)
Format: Manuskript Buch
Sprache:Slowakisch
Veröffentlicht: 2021
Schlagworte:
Online-Zugang:http://is.stuba.sk/zp/portal_zp.pl?podrobnosti=152499
https://opac.crzp.sk/?fn=detailBiblioForm&sid=C5B0443D08DFEDB239030A49A386
Tags: Tag hinzufügen
Keine Tags, Fügen Sie das erste Tag hinzu!

MARC

LEADER 00000ntm a22000003a 4500
001 stuzp81130
003 SK-STU
005 20230511140852.9
007 ta
008 150427s2015----xo-----f-mn---000-0-slo-d
040 |a STU  |b slo 
041 0 |a slo 
100 1 |a Bergendiová, Lucia  |u 010270  |4 aut  |U SvF Stavebná fakulta  |T SvF Katedra technológie stavieb  |X 92943  |U V270  |Y 28  |7 92943 
242 0 1 |a Flat house  |y eng 
245 1 0 |a Bytový dom 
260 |c 2021 
650 4 |a projekt organizácie výstavby  |2 slo 
650 4 |a hydroizolácia plochej strechy  |2 slo 
650 4 |a bytový dom  |2 slo 
650 4 |a flat house  |2 eng 
650 4 |a construction organization project  |2 eng 
650 4 |a realization of waterproofing of a flat roof  |2 eng 
700 1 |a Šmotlák, Marcel  |u 010270  |k Z8  |4 ths  |U SvF Stavebná fakulta  |T SvF Katedra technológie stavieb  |X 28851  |U V270  |Y 28  |7 A000028851 
856 4 |u http://is.stuba.sk/zp/portal_zp.pl?podrobnosti=152499 
856 4 |u https://opac.crzp.sk/?fn=detailBiblioForm&sid=C5B0443D08DFEDB239030A49A386